=LDR 00000nam 2200000 4500 =001 NUTBA000000000001687 =005 20140509180000.0 =006 =007 =008 =020 ##$$a 979-462-898-0 =035 ##$$a 0010-051400000000152 =082 ##$$a 420.7 =100 ##$$JOKO PRIYANA =245 ##$$aINTERLANGUAGE =260 ##$$a JAKARTA $b PUSAT PERBUKUAN dEPDIKNAS $c 2008 =440 ##$$a INTERLANGUAGE =700 ##$$a$JOKO PRIYANA =990 ##$$a 21196520/BPAP-NTB/2014 =990 ##$$a 0001/BPAP-NTB/20142014 =990 ##$$a 0001/BPAP-NTB/20142014 =990 ##$$a 0001/BPAP-NTB/20142014